我只爱真命天子,其余免谈! (Record no. 62731)

000 -LEADER
fixed length control field 00479nam a22001937a 4500
003 - CONTROL NUMBER IDENTIFIER
control field MPLRDC
005 - DATE AND TIME OF LATEST TRANSACTION
control field 20220104184138.0
008 - FIXED-LENGTH DATA ELEMENTS--GENERAL INFORMATION
fixed length control field 210129b ||||| |||| 00| 0 eng d
020 ## - INTERNATIONAL STANDARD BOOK NUMBER
International Standard Book Number 957-470-545-0
082 ## - DEWEY DECIMAL CLASSIFICATION NUMBER
Classification number 544.31 LFM
100 ## - MAIN ENTRY--PERSONAL NAME
Personal name 罗夫曼
245 ## - TITLE STATEMENT
Title 我只爱真命天子,其余免谈!
Statement of responsibility, etc.
250 ## - EDITION STATEMENT
Edition statement 初版
260 ## - PUBLICATION, DISTRIBUTION, ETC.
Place of publication, distribution, etc. 台湾
Name of publisher, distributor, etc. 太阳氏
Date of publication, distribution, etc. 2009
300 ## - PHYSICAL DESCRIPTION
Other physical details
490 ## - SERIES STATEMENT
Series statement 两性讲义
650 ## - SUBJECT ADDED ENTRY--TOPICAL TERM
Topical term or geographic name entry element 家庭--婚姻指导
942 ## - ADDED ENTRY ELEMENTS (KOHA)
Koha item type Book
-- 544.31 LFM
Holdings
Withdrawn status Lost status Source of classification or shelving scheme Damaged status Not for loan Collection code Home library Current library Shelving location Date acquired Cost, normal purchase price Total Checkouts Full call number Barcode Date last seen Date last checked out Price effective from Koha item type Public note
            Malaysian Public Library, Research and Development Centre Malaysian Public Library, Research and Development Centre   10/09/2009 25.70   544.31 LFM 00057011 18/03/2021 28/11/2010 18/03/2021 Book mplrdc

© 2022. Malaysian Public Library, Research and Development Centre. All Right ReservedE-mailmplrdc@help.edu.my 

Powered by Koha